|
|
|
|
| LEADER |
00000nab a2200000 a 4500 |
| 001 |
vtls008845432 |
| 003 |
SK-MaSNL |
| 005 |
20260304144750.0 |
| 008 |
250505c2000 xo | 000 b|slo |
| 015 |
|
|
|a SNBRA2006/09
|2 snkbucl
|
| 035 |
|
|
|a (uuid)4c5ab1b1-2a18-46f1-b198-351ab143ca63
|
| 035 |
|
|
|a urn:nbn:sk:snk-abd57p
|
| 035 |
|
|
|a (urnnbn)urn:nbn:sk:snk:ar-007pvp
|
| 038 |
|
|
|a SNKBUCL
|
| 040 |
|
|
|a SNKBUCL
|b slo
|c SNKBUCL
|e AACR2
|
| 041 |
0 |
|
|a slo
|
| 044 |
|
|
|a xo
|c SK
|
| 080 |
|
|
|a 069.02:908
|x (437.6)
|x (091)
|2 1997
|
| 245 |
0 |
0 |
|a Dejiny sekcií Považského múzea v Žiline
|c Monika Škvarnová ... [et al.]
|
| 504 |
|
|
|a Bibliogr. odkazy
|
| 610 |
2 |
7 |
|a Považské múzeum
|2 snkbucl
|9 33264
|
| 651 |
|
7 |
|a Žilina (Slovensko)
|2 snkbucl
|9 28812
|
| 700 |
1 |
|
|a Škvarnová, Monika,
|d 1972-
|4 aut
|9 213783
|
| 700 |
1 |
|
|a Okániková, Mária
|4 aut
|9 11162
|
| 700 |
1 |
|
|a Mrvová, Jaroslava
|4 aut
|9 11470
|
| 700 |
1 |
|
|a Kozáková, Katarína
|4 aut
|9 274382
|
| 700 |
1 |
|
|a Moravčík, Jozef,
|d 1944-
|4 aut
|9 105359
|
| 700 |
1 |
|
|a Bellanová, Soňa,
|d 1955-
|4 aut
|9 222277
|
| 700 |
1 |
|
|a Urbanová, Viktória,
|d 1946-
|4 aut
|9 104548
|
| 700 |
1 |
|
|a Hlôška, Ladislav,
|d 1965-
|4 aut
|9 211060
|
| 773 |
0 |
|
|t Vlastivedný zborník Považia. XX
|d Žilina : Považské múzeum, 2000
|g S. 229-288
|z 8088877202
|
| 850 |
|
|
|a Slovenská národná knižnica
|
| 852 |
|
|
|a Slovenská národná knižnica
|
| 954 |
|
|
|a odborná, vedecká literatúra pôvodná (slovenská)
|2 lita
|
| 958 |
|
|
|a article17
|
| 958 |
|
|
|a OND
|
| 958 |
|
|
|a NB
|
| 958 |
|
|
|a SK
|
| 958 |
|
|
|a EUIPO
|
| 999 |
|
|
|c 2933177
|d 2935107
|